| 000 | 00485cam a2200205ua 4500 | ||
|---|---|---|---|
| 001 | 9139 | ||
| 008 | 150221n ii |||gr||||Z||||||eng | ||
| 020 | _a8121917662 | ||
| 040 | _cMAIN | ||
| 041 | _aeng | ||
| 082 | _a510 | ||
| 100 |
_aChakrabarty, S. K., _eAuthor. |
||
| 245 | 1 |
_aMathematics _cBy Sajal Kanti Chakrabarty |
|
| 250 | _a1st. | ||
| 260 |
_aNew Delhi: _bS. Chnad, _c2011. |
||
| 300 | _a446p. | ||
| 653 | _aMathematics | ||
| 700 |
_aBhagawati, B., _eAuthor. |
||
| 942 | _cBK | ||
| 999 |
_c8211 _d8211 |
||